000 00570nam a2200193Ia 4500
003 IN-BaIIA
008 211028s9999 xx 000 0 eng d
040 _cIIA Library
080 _a533-5
_bPIR
100 _aPirani, M.
_94039
245 0 _aPrinciples of vacuum engineering
_cM. Pirani
260 _aLondon
_bChapman and Hall
_c1961
300 _axii, 578p.
490 _aVacuum engineering series
650 _aNASA thesaurus
650 _aVacuum engineering
_94040
650 _aVacuum physics
_92238
942 _cBK
999 _c2242
_d2242